Gopalakrishnan's law of wills : (Record no. 82712)

MARC details
000 -LEADER
fixed length control field 00855nam a22002177a 4500
005 - DATE AND TIME OF LATEST TRANSACTION
control field 20140318130538.0
010 ## - LCCN (DPL NO)
LC control number ENG-109446
020 ## - INTERNATIONAL STANDARD BOOK NUMBER
Terms of availability 1495.00
International Standard Book Number 9789350351741
035 ## - SYSTEM CONTROL NUMBER
System control number EN-92979
037 ## - SOURCE OF ACQUISITION
Source of stock number/acquisition DBAD/PUB
082 ## - DEWEY DECIMAL CLASSIFICATION NUMBER
Classification number 346.54054
100 ## - MAIN ENTRY--PERSONAL NAME
Personal name Gopalakrishnan,T.P.
245 00 - TITLE STATEMENT
Title Gopalakrishnan's law of wills :
Statement of responsibility, etc by T.P. Gopalakrishnan
Remainder of title dealing with wills of all communities including exhaustive case law alongwith model forms of wills and relevant statutes /
250 ## - EDITION STATEMENT
Edition statement 8th thoroughly rev ed by Hari Dev Kohli
260 ## - PUBLICATION, DISTRIBUTION, ETC. (IMPRINT)
Place of publication, distribution, etc Delhi
Name of publisher, distributor, etc Universal Law Publishing
Date of publication, distribution, etc 2012
270 ## - ADDRESS
Address C-FF-1A, Dilkhush Industrial Estate, (Near Azadpur Metro Station) G.T. Karnal Road,
City Delhi
Postal code 110033
300 ## - PHYSICAL DESCRIPTION
Extent cxciv,1210p.
Dimensions 25cm(Hb)
500 ## - GENERAL NOTE
General note Includes subject index
700 ## - ADDED ENTRY--PERSONAL NAME
Personal name Kohli, Hari Dev
942 ## - ADDED ENTRY ELEMENTS (KOHA)
Source of classification or shelving scheme Dewey Decimal Classification
Item type English Books
Call number suffix GOP
Classification part 346.54054
Holdings
Withdrawn status Lost status Not for loan Collection code Home library Current library Date acquired Source of acquisition Cost, normal purchase price Full call number Barcode Copy number Cost, replacement price Koha item type
    Not For Loan Non-fiction D.B.Act.Division D.B.Act.Division 25/02/2014 DBAD/PUB 1495.00 346.54054 GOP EN-92979 1 1495.00 English Books

© Delhi Public Library
Hit Counter
free hit counter